Ceny, zľavy, výpredaje. Čo viac Slovák potrebuje?
Cena ako hlavný faktor nákupného rozhodovania Slovákov. Obľúbené akcie a výpredaje. Popularita značiek a lojálnosť k obľúbenej značke. Čo okrem cien zaberá na Slovákov. Cena a kvalita - kľúčové faktory, ktoré určujú spokojnosť zákazníka.
Gespeichert in:
| 1. Verfasser: | |
|---|---|
| Weitere Verfasser: | , |
| Format: | Buchkapitel |
| Sprache: | Slowakisch |
| Schlagworte: | |
| Tags: |
Keine Tags, Fügen Sie das erste Tag hinzu!
|
MARC
| LEADER | 00000naa a2200000 4500 | ||
|---|---|---|---|
| 001 | 0205715 | ||
| 005 | 20231113103244.5 | ||
| 041 | 0 | |a slo | |
| 044 | |a SK | ||
| 245 | 1 | 0 | |a Ceny, zľavy, výpredaje. Čo viac Slovák potrebuje? |c Jozef Andacký, Xénia Makarová, Jarmila Horváthová |
| 520 | |a Cena ako hlavný faktor nákupného rozhodovania Slovákov. Obľúbené akcie a výpredaje. Popularita značiek a lojálnosť k obľúbenej značke. Čo okrem cien zaberá na Slovákov. Cena a kvalita - kľúčové faktory, ktoré určujú spokojnosť zákazníka. | ||
| 610 | 2 | 0 | |a spotrebitelia |
| 610 | 2 | 0 | |a zákazníci |
| 610 | 2 | 0 | |a správanie spotrebiteľa |
| 610 | 2 | 0 | |a ceny |
| 610 | 2 | 0 | |a zľavy obchodné |
| 610 | 2 | 0 | |a kvalita |
| 610 | 2 | 0 | |a značky |
| 610 | 2 | 0 | |a nákup |
| 100 | 1 | |a Andacký, Jozef | |
| 700 | 1 | |a Makarová, Xénia | |
| 700 | 1 | |a Horváthová, Jarmila | |